Daňová kontrola a tachometer podnikateľa

Daňové úniky z nadhodnocovania výdavkov za použitie motorového vozidla. Zákon č. 119/1992 Zb. o cestovných náhradách v znení neskorších predpisov určuje výšku náhrad za používanie cestných motorových vozidiel pri pracovných cestách. Výhrady daňových kontrolórov. Absencia štandardizácie dokladov na d...

Descripción completa

Guardado en:
Detalles Bibliográficos
Autor principal: Burák, Emil
Formato: Capítulo de libro
Lenguaje:eslovaco
Materias:
Etiquetas: Agregar Etiqueta
Sin Etiquetas, Sea el primero en etiquetar este registro!

MARC

LEADER 00000naa a2200000 4500
001 r034540
005 20230911130504.1
041 0 |a slo 
044 |a SK 
245 1 0 |a Daňová kontrola a tachometer podnikateľa  |c Emil Burák 
520 |a Daňové úniky z nadhodnocovania výdavkov za použitie motorového vozidla. Zákon č. 119/1992 Zb. o cestovných náhradách v znení neskorších predpisov určuje výšku náhrad za používanie cestných motorových vozidiel pri pracovných cestách. Výhrady daňových kontrolórov. Absencia štandardizácie dokladov na daňové účely. 
610 2 0 |a kontrola daňová 
610 2 0 |a výdavky 
610 2 0 |a automobily osobné 
610 2 0 |a podnikatelia 
610 2 0 |a únik daňový 
610 2 0 |a náhrada výdavkov 
610 2 0 |a doklady daňové 
610 2 0 |a Slovensko 
610 2 0 |a 1992 
610 2 0 |a zákony 
100 1 |a Burák, Emil